000
00287nam a2200133Ia 4500
005
20251222144738.0
008
251222s9999||||xx |||||||||||||| ||spa||
082
_a
935/A75
100
_a
Arnold, Simón Pedro
245
0
_a
Nínive:
250
_a
1ra.ed.
264
_b
CEP
942
_c
LIB
999
_c
18840
_d
18840